000 00596cac a22001691u 4500
090 _c6056
008 081102t1983 xxu||||| |||| 00| 0 eng d
010 _a 82020618
020 _a0534011470
082 0 0 _a300.519535
_bMAR
245 1 0 _aMultivariate Statistics in the Social Sciences :
_bA Researcher's Guide /
_cLeonard A. Marascuilo, Joel R. Levin.
260 _aMonterey, Calif. :
_bBrooks/Cole Pub. Co.,
_cc1983.
260 _bDistributer: Al-Ahram.
300 _axiii, 530 p. :
_bill. ;
_c24 cm.
504 _aIncludes bibliographical references and index.
942 _cBB
_k300.519535MAR
_2ddc
999 _c6056
_d6056